Ogilvy on advertising

A candid and indispensable primer on all aspects of advertising from the man Time has called "the most sought after wizard in the business". 223 photos.

Wedi'i Gadw mewn:
Manylion Llyfryddiaeth
Prif Awdur: Ogilvy, David
Fformat: Llyfr
Iaith:Undetermined
Cyhoeddwyd: New York Random House 1983
Pynciau:
Tagiau: Ychwanegu Tag
Dim Tagiau, Byddwch y cyntaf i dagio'r cofnod hwn!
Thư viện lưu trữ: Trung tâm Học liệu Trường Đại học Cần Thơ
LEADER 00667nam a2200205Ia 4500
001 CTU_179514
008 210402s9999 xx 000 0 und d
020 |c 363000 
082 |a 659.1 
082 |b O.34 
100 |a Ogilvy, David 
245 0 |a Ogilvy on advertising 
245 0 |c David Ogilvy 
260 |a New York 
260 |b Random House 
260 |c 1983 
520 |a A candid and indispensable primer on all aspects of advertising from the man Time has called "the most sought after wizard in the business". 223 photos. 
650 |a Advertising,Quảng cáo 
904 |i Trọng Hiếu 
980 |a Trung tâm Học liệu Trường Đại học Cần Thơ